| 000 | 00710nam a2200217 a 4500 | ||
|---|---|---|---|
| 001 | 000041918 | ||
| 005 | 20201002035829.0 | ||
| 008 | 090819s1992 sp ac 000 0 spa d | ||
| 020 | _a8400069560 | ||
| 040 |
_aDO-SdBNP _bspa _cBNPHU |
||
| 082 |
_axxx _bxxx |
||
| 245 | 0 | 0 |
_aSedimentología / _ccoordinadores Alfredo Arche,. |
| 260 |
_aMadrid : _bCSIC, _c1992. |
||
| 300 |
_av. (528) p. : _bil.,mapas ; _c25 cm. |
||
| 490 | 1 |
_aNuevas tendencias _v12 |
|
| 500 | _aLa biblioteca posee el v. 2 | ||
| 504 | _aIncluye bibliografía al final de los capítulo | ||
| 700 | 1 |
_aArche, Alfredo _ecoor. _968818 |
|
| 710 | 2 |
_aConsejo Superior de Investigaciones Científicas _94786 |
|
| 830 | 0 |
_aNuevas tendencias _n12 _968819 |
|
| 999 |
_c41407 _d41407 |
||